<?xml version="1.0" encoding="UTF-8"?><?xml-stylesheet type="text/xsl" href="static/style.xsl"?><OAI-PMH xmlns="http://www.openarchives.org/OAI/2.0/" xmlns:xsi="http://www.w3.org/2001/XMLSchema-instance" xsi:schemaLocation="http://www.openarchives.org/OAI/2.0/ http://www.openarchives.org/OAI/2.0/OAI-PMH.xsd"><responseDate>2026-04-14T15:35:34Z</responseDate><request verb="GetRecord" identifier="oai:uvadoc.uva.es:10324/77533" metadataPrefix="marc">https://uvadoc.uva.es/oai/request</request><GetRecord><record><header><identifier>oai:uvadoc.uva.es:10324/77533</identifier><datestamp>2025-09-08T19:07:10Z</datestamp><setSpec>com_10324_38</setSpec><setSpec>col_10324_852</setSpec></header><metadata><record xmlns="http://www.loc.gov/MARC21/slim" xmlns:doc="http://www.lyncode.com/xoai" xmlns:xsi="http://www.w3.org/2001/XMLSchema-instance" xmlns:dcterms="http://purl.org/dc/terms/" xsi:schemaLocation="http://www.loc.gov/MARC21/slim http://www.loc.gov/standards/marcxml/schema/MARC21slim.xsd">
<leader>00925njm 22002777a 4500</leader>
<datafield tag="042" ind1=" " ind2=" ">
<subfield code="a">dc</subfield>
</datafield>
<datafield tag="720" ind1=" " ind2=" ">
<subfield code="a">Cabrero Mateos, Eber</subfield>
<subfield code="e">author</subfield>
</datafield>
<datafield tag="260" ind1=" " ind2=" ">
<subfield code="c">2025</subfield>
</datafield>
<datafield tag="520" ind1=" " ind2=" ">
<subfield code="a">Este Trabajo de Fin de Grado del Grado en Traducción e Interpretación trata sobre trata sobre la metáfora en el lenguaje de la economía en contextos periodísticos y la traducción de dichas metáforas al alemán. Se estudia la metáfora conceptual, a qué dominio pertenecen, si estas contienen o no valoración y, por último, con qué técnicas y estrategias se ha llevado a cabo la traducción de esas metáforas del español al alemán. Los textos de opinión y las traducciones se han obtenido gracias a la plataforma financiada por el Gobierno alemán llamada euro|topics.</subfield>
</datafield>
<datafield tag="024" ind2=" " ind1="8">
<subfield code="a">https://uvadoc.uva.es/handle/10324/77533</subfield>
</datafield>
<datafield tag="245" ind1="0" ind2="0">
<subfield code="a">Análisis de las metáforas en textos de opinión de prensa española y su traducción al alemán en debates de la plataforma EURO|TOPICS</subfield>
</datafield>
</record></metadata></record></GetRecord></OAI-PMH>